| 000 | 00419nam a2200133 i 4500 | ||
|---|---|---|---|
| 001 | 183610 | ||
| 003 | ES-MaACL | ||
| 005 | 20230906221930.0 | ||
| 008 | 140904s1904 sp |||| | spa d | ||
| 110 | 0 |
_aSociedad Malagueña de Ciencias Físicas y Naturales. _96789 |
|
| 245 | 1 | 0 | _aReglamento de la Sociedad Malagueña de Ciencias, Físicas y Naturales. |
| 260 |
_aMálaga : _b[s.n.], _c1904. |
||
| 852 | 1 |
_aBA _jT-1045-F-7 |
|
| 999 |
_c183610 _d183610 |
||